Statistics for El Salvador Country Quiz

Click here to take the quiz!

General Stats

  • This quiz has been taken 17,885 times
    (17,833 since last reset)
  • The average score is 12 of 17

Answer Stats

HintAnswer% Correct
Official languageSpanish
99%
Countries that border El SalvadorGuatemala
97%
Countries that border El SalvadorHonduras
97%
El Salvador is the only Central American country to not border this sea{Caribbean} Sea
93%
Capital citySan Salvador
93%
About 2.3 million Salvadorans live in this foreign countryUnited States
93%
"El Salvador" means "The Saviour". What person does this refer to?Jesus Christ
87%
El Salvador has the highest rate of ______ in the world, 61.8 per 100,000 annuallyMurder
87%
Only country that has had more deaths due to volcanic eruptions than
El Salvador since 141 B.C.
Indonesia
73%
Currency used in El SalvadorU.S. Dollar
67%
El Salvador has lost 85% of its _____ since the 1960sForest
58%
Historical and cultural region of which El Salvador is part{Meso}america
53%
Short war fought in 1969 against bordering country #2{Football} War
48%
Six of the eight species of these nest in El Salvador, including the leatherback{Sea} {Turtle}
44%
National dish of El Salvador, a stuffed tortillaPupusa
24%
Gulf that El Salvador borders to its eastGulf of {Fonseca}
20%
Second largest city (hint: a saint)Santa Ana
20%

Score Distribution

Percentile by Number Answered

Percent of People with Each Score

Your Score History

You have not taken this quiz since the last reset